000 00514nam a2200217Ia 4500
003 OSt
005 20230509114908.0
008 210423s2008 xx 000 0 und d
020 _a978007131686
040 _cAL
041 _aeng
082 _a574.88 WEAR
_223
100 _aWEAVER (Robert F).
_9100521
245 _aMolecular biology.
250 _a5
260 _aNew York
_bTata McGraw-hill
_c2008
300 _axx,892
_bPB
365 _b2031
_cINR
906 _abiology. ; Molecular
942 _2ddc
_cBK
999 _c164540
_d164540